Tham khảo toàn diện Microsoft Office 97

שמור ב:
מידע ביבליוגרפי
מחבר ראשי: Trương Văn Thiện
פורמט: ספר
שפה:Undetermined
יצא לאור: Hà Nội Thống kê 1997
נושאים:
תגים: הוספת תג
אין תגיות, היה/י הראשונ/ה לתייג את הרשומה!
Thư viện lưu trữ: Trung tâm Học liệu Trường Đại học Cần Thơ
LEADER 00526nam a2200169Ia 4500
001 CTU_22781
008 210402s9999 xx 000 0 und d
082 |a 005.3 
082 |b Th305 
100 |a Trương Văn Thiện 
245 0 |a Tham khảo toàn diện Microsoft Office 97 
245 0 |c Trương Văn Thiện, Lưu Huỳnh Phúc 
260 |a Hà Nội 
260 |b Thống kê 
260 |c 1997 
650 |a office ( computer programs ) 
980 |a Trung tâm Học liệu Trường Đại học Cần Thơ